ANGER IS MY MIDDLE NAME : A Memoir

Bibliographic Details
Main Author: Andersen, Lisbeth Zornig (Author)
Format: Book
Published: Seattle : Amazon Crossing 2020
Subjects:

MARC

LEADER 00000cam a2200000 7i4500
001 0000277266
005 20210722154414.0
006 a# ###### ###
007 t
008 210716 wau# ###
020 |a 9781542015899 
040 |a MBPJ   |b eng   |c MBPJ   |e rda 
090 |a 362.76   |b AND 
100 1 |a Andersen, Lisbeth Zornig ,   |e author 
245 1 0 |a ANGER IS MY MIDDLE NAME :   |b A Memoir   |c LISBETH ZORNIG ANDERSEN 
264 1 |a Seattle :   |b Amazon Crossing   |c 2020 
264 4 |c ©2020 
300 |a 199 pages ;   |c 21 cm. 
336 |a text  |2 rdacontent 
337 |a unmediated  |2 rdamedia 
338 |a volume  |2 rdacarrier 
600 0 0 |a Andersen, Lisbeth Zornig ,   |d 1968- 
650 0 |a Economics   |z Denmark   |v Biography 
650 0 |a Political activists   |z Denmark   |x Biography 
999 |a 00391943   |b BUKU   |c PINJAMAN   |e PERPUSTAKAAN KOMUNITI PETALING JAYA